Countries by Net Migration Rate - Statistics

General Stats
  • This quiz has been taken 97 times
    57 since last reset
  • The average score is 15 of 25
Answer Stats
Migrants per 1000 Answer % Correct
7.1 Canada
86%
4.8 Germany
86%
6.1 UAE
86%
54.7 Qatar
84%
11.7 Saudi Arabia
84%
8.6 Australia
80%
5.3 Sweden
76%
6.4 Bahrain
71%
4.7 Turkey
69%
5.5 Italy
67%
34.0 Kuwait
65%
48.5 Oman
63%
8.8 Norway
61%
4.7 Belgium
59%
25.6 Jordan
55%
41.5 Lebanon
55%
9.9 Switzerland
55%
6.3 Austria
53%
18.1 Luxembourg
53%
11.8 Singapore
51%
8.0 Iraq
39%
7.3 Malta
37%
28.4 Maldives
16%
17.0 Equatorial Guinea
0%
11.2 Gabon
0%
No matching quizzes found
Score Distribution
Percent of People with Each Score
Percentile by Number Answered
Your Score History
You have not taken this quiz since the last reset